<?xml version="1.0" encoding="UTF-8"?>
<marc:record xmlns:marc="http://www.loc.gov/MARC21/slim">
   <marc:leader>00000nam a2200000 a 4500</marc:leader>
   <marc:datafield ind1="1" ind2=" " tag="100">
      <marc:subfield code="a">Schulz, Michael</marc:subfield>
   </marc:datafield>
   <marc:datafield ind1="1" ind2=" " tag="100">
      <marc:subfield code="a">Weinmann, Stefan</marc:subfield>
   </marc:datafield>
   <marc:datafield ind1=" " ind2=" " tag="653">
      <marc:subfield code="a">Sprache der Psychatrie</marc:subfield>
   </marc:datafield>
   <marc:datafield ind1=" " ind2=" " tag="653">
      <marc:subfield code="a">Krise</marc:subfield>
   </marc:datafield>
   <marc:datafield ind1=" " ind2=" " tag="653">
      <marc:subfield code="a">Sprache</marc:subfield>
   </marc:datafield>
   <marc:datafield ind1=" " ind2=" " tag="653">
      <marc:subfield code="a">Kommunikation</marc:subfield>
   </marc:datafield>
   <marc:datafield ind1="0" ind2="0" tag="245">
      <marc:subfield code="a">Sprache in der Psychiatrie</marc:subfield>
   </marc:datafield>
   <marc:datafield ind1="0" ind2="0" tag="245">
      <marc:subfield code="b">Auf dem Weg zu einer Kommunikation auf Augenhöhe</marc:subfield>
   </marc:datafield>
   <marc:datafield ind1=" " ind2="1" tag="264">
      <marc:subfield code="a">Köln</marc:subfield>
      <marc:subfield code="b">Psychiatrie Verlag</marc:subfield>
      <marc:subfield code="c">2025</marc:subfield>
   </marc:datafield>
   <marc:datafield ind1="1" ind2=" " tag="520">
      <marc:subfield code="a">In der psychiatrischen Arbeit ist die Sprache das wichtigste Werkzeug für die Interaktion und für das gegenseitige Verständnis. Sprechen dient nicht nur der Herstellung und Aufrechterhaltung jeder therapeutischen Beziehung, sondern auch der Begründung therapeutischer Interventionen, der professionellen Begleitung sowie dem Austausch in Selbsthilfe und Fachtagungen. Sprechen geschieht immer im gesellschaftlichen Kontext.##Das Buch möchte sowohl die Sensibilität für Sprache im psychosozialen Fachgebiet schärfen als auch zu einem bewussteren Umgang mit Sprache einladen. Das Spektrum des Buches reicht von sprachtheoretischen Überlegungen bis hin zu Ausdrucksformen von Menschen in psychischen Krisen und konkreten Beispielen therapeutischen Sprechens.#</marc:subfield>
   </marc:datafield>
   <marc:datafield ind1=" " ind2=" " tag="020">
      <marc:subfield code="a">9783966052726</marc:subfield>
      <marc:subfield code="9">9783966052726</marc:subfield>
   </marc:datafield>
   <marc:datafield ind1=" " ind2=" " tag="300">
      <marc:subfield code="a">298 S.</marc:subfield>
   </marc:datafield>
</marc:record>
